[Event "EU-ch 6th"]
[Site "Warsaw"]
[Date "2005.06.18"]
[Round "1"]
[White "Nalbandian, Tigran"]
[Black "Rublevsky, Sergei"]
[Result "0-1"]
[WhiteElo "2508"]
[BlackElo "2645"]
[Annotator "Marin,M"]
[PlyCount "79"]
[EventDate "2005.06.18"]
[EventType "swiss"]
[EventRounds "13"]
[EventCountry "POL"]
[SourceTitle "CBM 108"]
[Source "ChessBase"]
[SourceDate "2005.09.26"]
[SourceVersion "1"]
[SourceVersionDate "2005.09.26"]
[SourceQuality "1"]

1. Nf3 d5 2. g3 Bg4 3. Bg2 Nd7 4. O-O Ngf6 5. d3 c6 6. Nbd2 e5 7. e4 dxe4 8.
dxe4 Be7 9. Nc4 $5 {An interesting idea. White refrains from the typical move
h3 in order to win time by means of a further Ne3, taking advantage of the
sligthly exposed position of the black light squared bishop.} O-O 10. Qe1 {
[%csl Ye5]} Qc7 11. Ne3 Bxf3 ({Preserving the light-squared bishop would mean
leaving his colleague in trouble, for instance:} 11... Bh5 12. Nf5 Bc5 13. b4
Bb6 14. c4 a5 15. c5 Ba7 16. a3 $14 {0-1 Nikolaidis,I (2540)-Kummer,H (2320)/
Graz 1995/EXT 98 (60)}) 12. Bxf3 {On concrete terms, White can generate some
pressure against the enemy king side. However, the long term purpose should be
regarded as more important: a better endgame thanks to the pair of bishops.}
Rfe8 ({Taking under control the f5-square is not without darksides:} 12... g6
13. Ng4 $1 h5 14. Nxf6+ Nxf6 15. Qe2 Qd7 16. Rd1 {White tries to fight for
initiative before completing his development.} (16. b3 {might have been a
better try:} Qe6 17. Bb2 a5 18. a3 $14 {^^}) 16... Qe6 17. Qe3 Ng4 18. Qb3 {
White obviously intends to combine the threats along the d-file with those
against the enemy queen side.} Bc5 {Counterattacking the f2-square, Black
maintains the balance even.} (18... Qxb3 19. axb3 $14 {[%cal Ya1a7,Yd1d7]}) 19.
Bxg4 Qxg4 20. Be3 Bxe3 21. Qxe3 Rfd8 22. Rd3 {Again, White seems to be in
better position to get the control of the d-file, but Black generates
sufficient king side counterplay.} h4 23. Qd2 Rxd3 24. Qxd3 hxg3 25. fxg3 {
Aiming to maintain some tension in the game.} (25. hxg3 Kg7 26. Kg2 Rh8 27. Rh1
Rxh1 28. Kxh1 Qe6 {is completely equal.}) 25... Kg7 26. Rf1 Re8 27. a4 Qg5 28.
Rd1 Rd8 $1 {1/2-1/2 Vaganian,R (2645)-Chernin,A (2600)/Reggio Emilia 1996/CBM
051} 29. Qxd8 Qe3+ 30. Kg2 Qe2+ 31. Kh3 Qh5+ $11 32. Qh4 $2 Qxd1 $17) 13. Nf5 (
13. Qe2 {0-1 Vaganian,R (2645)-Gulko,B (2620)/Horgen 1995/CBM 050/[Horn,Pe] 
(54)}) (13. b3 $5 {Mowsziszian} a5 $1 14. a3 (14. a4 $6 Bb4 15. c3 Bf8 $17 {
><d3,b3}) 14... b5 15. Bb2 {/\Bg2,f2-f4}) (13. a4 {This is the kind of move
that, if not connected with a concrete plan, might result in a needless
weakening of the queen side. Vaganian probably wanted to make a useful waiting
move, but he will actually give his opponent an extra-tempo for regrouping.}
Nc5 14. Nf5 Bf8 15. Bg5 Nfd7 16. Qe2 Ne6 17. Be3 g6 18. Nh6+ Kg7 19. Bg4 Nd4
20. Qd1 Nf6 21. c3 Ne6 22. Bxe6 Rxe6 23. Qf3 Rd8 $11 {1/2-1/2 Vaganian,R (2615)
-Rublevsky,S (2610)/Moscow 1996/CBM 052 ext (40)}) 13... Bf8 14. Bg5 g6 $146 {
This looks like the natural reaction.} ({However, it is not easy to prove an
advantage for White after} 14... h6 {since the stability of the knight on f5
will be of temporary nature, for instance:} 15. Bd2 Nc5 16. Qe2 Ne6 17. Rad1
Kh7 18. c3 Rad8 19. Ne3 b5 20. Ng4 Ng8 21. Bc1 Be7 22. Bg2 h5 23. Ne3 g6 24.
Nc2 Nf6 25. Bh3 Nc5 26. Bg2 Ne6 27. Bh3 Nc5 {1/2-1/2 Satici,A (2325)-Flum,G 
(2420)/EU-ch60 corr 1997/Corr 2002}) 15. Nh6+ Kg7 16. Rd1 {White has completed
his development and has a harmonious placement of pieces. Black's problem is
that, even if he will be able to neutralise the king side pressure, he will
face the danger of an unpleasant endgame.} Be7 17. Qe3 Ng8 18. h4 $1 {
Including new forces into the offensive.} Nf8 (18... Bc5 {fails to spoil
White's coordination, be it because of the simple and unambitious} 19. Qc1 $14
(19. Rxd7 $2 Qxd7 20. Qxc5 {is impossible because of} Nxh6)) 19. Bg4 Qb6 {
A natural decision. The white queen was exerting pressure against both Black
wings and should be exchanged.} 20. Nxg8 Kxg8 21. h5 Qxe3 (21... Qxb2 $2 {
is very risky:} 22. Rb1 Qxc2 23. Rxb7 Bxg5 24. Qxg5 $40 {[%csl Rg7][%cal Yh5h6,
Yg5f6]}) 22. Bxe3 Rad8 23. a3 $1 (23. Bxa7 Ra8 $11) 23... b6 {This weakening
move is the least of evils.} (23... a6 {would conceal the control of the
d-file in view of} 24. Bb6 $16) 24. Kg2 $14 {Having the pair of bishops and an
excellent placement of pieces, White has a stable advantage.} Kg7 25. c3 Ne6
26. b4 gxh5 27. Bxh5 Bg5 28. Rxd8 Rxd8 29. f4 Rd3 30. Bc1 exf4 31. gxf4 Bf6 32.
f5 $2 (32. e5 $1 $16) 32... Nf8 33. Rg1 Nd7 34. Bf4 Rxc3 35. Rd1 Rc2+ 36. Kf3
Rc3+ 37. Ke2 Ne5 38. Bxe5 Bxe5 39. Rd7 Kh6 40. Rxf7 0-1

[Event "Norway Chess 1st"]
[Site "Stavanger"]
[Date "2013.05.15"]
[Round "7"]
[White "Wang, Hao"]
[Black "Aronian, Levon"]
[Result "1/2-1/2"]
[WhiteElo "2743"]
[BlackElo "2813"]
[Annotator "Marin,M"]
[PlyCount "73"]
[EventDate "2013.05.08"]
[EventType "tourn"]
[EventRounds "9"]
[EventCountry "NOR"]
[EventCategory "21"]
[SourceTitle "CBM 155"]
[Source "ChessBase"]
[SourceDate "2013.07.16"]
[SourceVersion "1"]
[SourceVersionDate "2013.07.16"]
[SourceQuality "1"]

1. Nf3 d5 2. g3 Bg4 3. Bg2 Nd7 4. c4 e6 5. O-O Ngf6 {Since always I have known
that the system with the bishop on f5 bears Lasker's name, but only found out
recently that the current position belongs rather to the "Capablanca system".
Understandably, the two great champions believed in similar chess values, but
wanted to leave their own trace in theory and history.} 6. d3 (6. cxd5 exd5 7.
d3 c6 8. Qc2 {would transpose to Carlsen,M (2861)-Karjakin,S (2780)/Wijk aan
Zee 2013/CBM 153/[Marin,M] (1-0, 92)}) 6... dxc4 $5 {This way of releasing the
tension is not too common. Aronian probably thought that the g2-bishop was not
dangerous, since he could play ...c7-c6 at any time. Which he will do with
some (also unusual) delay, but this will not really change the position
dramatically.} 7. dxc4 Be7 8. Nc3 O-O $146 (8... c6 {transposes to a position
that has been seen before.} 9. h3 (9. Bf4 {places the bishop on a vulnerable
square, which will eventually allow Black an unexpected tactical blow.} O-O 10.
h3 Bh5 11. g4 Bg6 12. Nh4 {Seeman,T (2429)-Dalmau,J (2020)/Stockholm 2004/CBM
097 ext (1-0, 40)} Nxg4 $1 13. Nxg6 fxg6 {[%csl Gf4]}) 9... Bxf3 (9... Bh5 10.
Nh4 {may transpose to the main game.}) 10. exf3 (10. Bxf3 Ne5 $11) 10... Nc5
11. Be3 Qd3 12. Ne4 (12. Qxd3 Nxd3 13. Na4 O-O 14. f4 Rfd8 15. Rfd1 $14) 12...
Nfxe4 13. fxe4 Qxc4 $2 (13... O-O 14. b4 Qxd1 15. Raxd1 Na4 16. Rd7 Bxb4 17.
Rxb7 Bc5 $11) 14. Rc1 Qb5 15. Qd4 O-O 16. Rxc5 $16 {Hauchard,A (2518)-Dutreeuw,
M (2375)/Belgium 2001/EXT 2003 (1-0, 60)}) 9. Nh4 c6 10. h3 Bh5 11. g4 Ne8 {
The knight does not stand too well on e8 and, with the current structure, does
not have effective ways to be activated. And yet, keeping the bishop pair is
probably worth the effort.} (11... Bg6 12. Nxg6 hxg6 13. Bf4 e5 14. Bh2 Qc7 15.
e3 Rad8 16. Qc2 $14 {White's position is more flexible and Black has to live
with the permament threat of g4-g5 followed by h3-h4.}) 12. Nf3 (12. gxh5 Bxh4
13. h6 g6 {[%cal Gh4f6,Gf6h8] is interesting, but Black should be fine.}) 12...
Bg6 13. Bf4 f6 {[%csl Ge6,Ge8] This plan of recycling the bishop would be
entirely viable if Black did not have the problem of the passive e8-knight.} ({
True,} 13... h6 {would allow White cut the bishop off from the play with:} 14.
e4 Nc5 15. Ne5 Bh7 16. Qe2 $14) ({but} 13... Nef6 {[%cal Gf6e4] looks entirely
playable, when} 14. Nh4 Nxg4 $1 {is familiar to us already.}) 14. Nd4 Nc5 15.
Be3 (15. b4 {is premature:} e5) 15... a5 {[%csl Ga5,Gb6] If one piece stands
badly, the position is bad, as Tarrasch would say. The last move would offer
Black a great game, if he could play the (illegal) move ...Ne8-d7, with
perfect stability on c5. The way it is, the last move only creates some
additional weaknesses.} (15... Bf7 {would allow some complications, which
might be not that bad for Black, though:} 16. b4 Nd7 17. Bxc6 ({Maybe} 17. Qb3
{is more constructive.}) 17... Bxb4 18. Ne4 e5 19. Nc2 bxc6 20. Nxb4 {White is
more active, but if Black neutralises his initiative, he will have a great
position.}) 16. Nb3 Nd7 (16... Nxb3 17. Qxb3 Qc7 18. Na4 $36) 17. Na4 $14 {
The fight for the critical queenside squares is unfair: White has an extra
knight for this purpose!} Qc7 18. Nbc5 Nxc5 19. Nxc5 Bf7 (19... Bxc5 20. Bxc5
Rf7 21. Qd4 Rd7 (21... Rd8 22. Qe3 {[%csl Ra5,Rd8][%cal Gc5b6]}) 22. Qe3 e5 23.
Rad1 $14) 20. Qd7 $1 {A strong move, practically forcing Black to give up the
dark-squared bishop.} Bxc5 (20... e5 21. Rfd1 $16) (20... Rc8 21. Rad1 $16) 21.
Qxc7 Nxc7 22. Bxc5 Rfc8 (22... Rfd8 23. Bb6 Rd7 24. Rad1 Rad8 25. Rxd7 Rxd7 26.
Bxa5 $16) 23. f4 $6 {As the ulteriour course of the game proves, this only
weakens White's kingside.} (23. Rac1 $5 e5 24. Rfd1 $14 Be6 (24... Ne6 25. Bb6)
25. Be4 Kf7 26. f3 g6 27. Kf2 {White has some more space and a dangerous
bishop pair. If Black displays premature activity he will risk becoming
over-extended:} f5 28. Bb1) 23... e5 24. fxe5 fxe5 25. b3 Ne6 {If White had a
knight versus a black bishop, the modification of the central structure would
rather favour him. The way it is, it is Black who mainly benefits from it.} 26.
Be3 Re8 27. Rad1 Re7 {Black has solved his problems of coordination completely.
} 28. a3 (28. Rf5 Nd4) 28... h6 29. Rd6 Rae8 (29... a4 $5 30. b4 Nd4) 30. Be4
Nf4 (30... Nd4 31. Bxd4 exd4 32. Bd3 $14) 31. Bxf4 exf4 32. Bd3 g5 33. Rxh6 Kg7
34. Rh7+ (34. Rd6 Re3 35. Kh2 R3e6 36. Rxe6 Rxe6 $44 {[%csl Ge2][%cal Gf7g6]})
34... Kg8 35. Rh6 (35. h4 Rxe2) (35. Rf2 Re3 36. Rh6 Kg7) 35... Kg7 36. Rh7+
Kg8 37. Rh6 1/2-1/2

[Event "GER-ch 76th"]
[Site "Altenkirchen"]
[Date "2005.02.22"]
[Round "5"]
[White "Prusikin, Michael"]
[Black "Meins, Gerlef"]
[Result "1-0"]
[WhiteElo "2540"]
[BlackElo "2440"]
[Annotator "Marin,M"]
[PlyCount "113"]
[EventDate "2005.02.18"]
[EventType "swiss"]
[EventRounds "9"]
[EventCountry "GER"]
[SourceTitle "CBM 106"]
[Source "ChessBase"]
[SourceDate "2005.06.06"]
[SourceVersion "1"]
[SourceVersionDate "2005.06.06"]
[SourceQuality "1"]

1. Nf3 d5 2. g3 Bg4 3. Bg2 c6 4. O-O Nd7 5. d3 Ngf6 6. Qe1 ({If White has the
intention to play h3 at some moment (which he usually does) I believe that the
most economical move order to do that is} 6. Nbd2 e5 7. e4 dxe4 8. dxe4 Bc5 9.
h3 {since after} Bxf3 10. Qxf3 O-O 11. Qe2 {White is two tempi up compared to
the game position after the 11th move (taking into account that he usually has
to regroup with Bg2 and especially Qe2 anyway). If White wants to have the
bishop on f3 in order to proceed with Kg2 at some moment (as happened in some
of the games inserted in the notes to this , then he can at least win one
tempo by playing Bxf3 and then Qe2 in one move. Or maybe the whole discussion
is slightly pointless since giving up the pair of bishops so easily is an
important concession from Black's point of view, anyway...}) 6... e5 7. h3 ({
And here} 7. e4 dxe4 8. dxe4 Bc5 9. h3 {looks like a safer (or at least more
restrictive) move order.}) 7... Bxf3 8. Bxf3 Bc5 {Now, the game transposes to
the normal course.} (8... e4 $5 {0-1 Visser,Y-Luther,T/Wijk aan Zee 2001/CBM
081/[Horn,Pe] (38)}) 9. Nd2 O-O 10. e4 dxe4 11. dxe4 a5 $146 (11... b5 $6 {
Black should not give his opponent such an easy mark of attack.} 12. Qe2 Qe7
13. Nb3 Bb6 14. a4 a6 15. Bd2 Qe6 16. Kg2 Nc5 17. Nxc5 Bxc5 18. b4 Bb6 19. Ra3
Rfd8 20. Rfa1 Qd6 21. Be1 Rab8 22. axb5 axb5 23. c4 $14 {1/2-1/2 Smejkal,
J-Grund,H/Viernheim 1995/CBM 050 ext (65)}) (11... Qe7 {1-0 Naiditsch,
A-Mueller,K/Lippstadt 1999/CBM 072/[Horn,Pe] (42)}) (11... Re8 12. Nb3 Bb6 13.
Bd2 {[%cal Yb3a5,Ya5c4] This is one of the cases when White gives some meaning
to his queen placement. However, Black's next move is useful anyway.} a5 14.
Bc3 (14. a4 $5) 14... Nc5 15. Rd1 Qc7 16. Nxc5 Bxc5 17. Kg2 b6 18. Qe2 (18. a3
$5) 18... Bb4 19. Bd2 Bxd2 20. Rxd2 Rad8 21. Rfd1 Rxd2 22. Qxd2 Kf8 23. Qd3 Re7
24. Bg4 h5 $11 {1/2-1/2 Weindl,A-Fuchs,H/Germany 1998/EXT 2002 (63)}) 12. a4
Qe7 13. Bg2 $6 {[%cal Yh3h4,Yg2h3,Rh3d7]} ({Given the chosen move order,} 13.
Nb3 Bb6 (13... Bb4 14. c3) 14. Bd2 {[%csl Ya5][%cal Rd2c3,Rg1g2] eventually
followed by Kg2 would have made more sense.}) 13... h5 $6 {[%csl Rg5][%cal
Yh5h4] This premature action weakens the g5-square, offering White a clear
plan.} (13... Rfd8) 14. Nf3 Rfe8 15. Qe2 Nf8 16. Bg5 Ne6 17. Bh4 {[%csl Yh5]}
g6 18. Qc4 Kg7 19. Rad1 Qc7 20. Ng5 $14 {/+/- WHite has the pair of bishops
and the better placement of his pieces.} Qb6 21. Rd3 Nxg5 22. Bxg5 Nh7 23. Bc1
Rad8 24. Rb3 Qa7 25. Qe2 Rd7 26. Kh1 Qb8 27. f4 exf4 28. gxf4 Qd8 29. Qc4 Bb4
30. Be3 Kg8 31. Bg1 Nf6 32. e5 Nd5 33. Rd3 Qh4 34. Bf2 Qd8 35. Rfd1 Qc7 36. c3
Bf8 37. Bxd5 cxd5 38. Qxc7 Rxc7 39. Rxd5 Rc4 40. R1d4 Rc5 41. Rd8 Rc8 42. Rxc8
Rxc8 43. Kg2 Be7 44. Rd7 Bc5 45. Bh4 b6 46. Rd8+ Rxd8 47. Bxd8 Kf8 48. Bh4 Be3
49. Kf3 Bc1 50. b3 Bb2 51. c4 Bd4 52. Ke4 Bc5 53. f5 Ke8 54. e6 Bg1 55. Bf6 Bc5
56. fxg6 fxg6 57. Kf4 1-0

[Event "Bundesliga 0405"]
[Site "Germany"]
[Date "2005.03.12"]
[Round "12.4"]
[White "Vaganian, Rafael A"]
[Black "Babula, Vlastimil"]
[Result "1/2-1/2"]
[WhiteElo "2640"]
[BlackElo "2571"]
[Annotator "Marin,M"]
[PlyCount "72"]
[EventDate "2004.11.12"]
[EventType "team-tourn"]
[EventRounds "15"]
[EventCountry "GER"]
[SourceTitle "CBM 106"]
[Source "ChessBase"]
[SourceDate "2005.06.06"]
[SourceVersion "1"]
[SourceVersionDate "2005.06.06"]
[SourceQuality "1"]
[WhiteTeam "Porz"]
[BlackTeam "Werder Bremen"]
[WhiteTeamCountry "GER"]
[BlackTeamCountry "GER"]

1. Nf3 Nf6 2. g3 d5 3. Bg2 c6 4. d3 Bg4 5. Nbd2 e6 {This apparently modest
setup is aimed to avoid the premature weakening of the f5-square.} (5... Nbd7
6. O-O e5 7. e4 dxe4 8. dxe4 Bc5 9. h3 Bh5 10. Qe1 {[%cal Rf3h4]}) 6. O-O Be7
7. e4 a5 $5 {A rare move. Black delays his catstle in order to discourage any
active operation from White's part on that side of the board, making at the
same time some generally useful moves on the other wing.} (7... O-O 8. h3 Bh5
9. Qe1 Nbd7 10. Nh2 dxe4 11. dxe4 e5 {is considered to be one of the main
lines, as, for instance, in Kozul,Z-Haznedaroglu,K/Mallorca 2004/CBM 104 1-0 
(101)}) 8. h3 Bh5 9. a4 (9. Qe2 Na6 10. a3 b5 $6 {[%csl Rc6]} (10... O-O 11. e5
Nd7) 11. Re1 h6 $2 {[%csl Rg6]} (11... O-O) 12. g4 Bg6 13. Ne5 Qc7 14. exd5
exd5 15. Nxc6 {1-0 Galdunts,S-Macek,V/Bad Wildbad 2000/EXT 2001}) 9... Na6 {
After the insertion of the moves a5 and a4, this is a natural development of
the knight.} 10. exd5 $5 {Since the e5-square is temporarily left without
defence, Vaganian starts play in the centre.} (10. Qe2 Nd7 11. Nb3 O-O 12. Bd2
Nb4 13. c3 Na6 14. Nbd4 Nac5 15. Be1 Re8 16. Qc2 Qb6 17. b4 axb4 18. cxb4 Na6
19. a5 Qd8 $13 {0-1 Lovretzkij,R-Kruppa,Y/Minsk 1997/EXT 2000 (50)}) 10... cxd5
{[%csl Rb5]} (10... exd5 {[%csl Yf5]} 11. g4 Bg6 12. Ne5 {[%csl Rg6][%cal
Yf2f5]}) 11. g4 Bg6 12. Ne5 Qc7 13. Ndf3 (13. f4 $2 Nb4 {[%csl Yc2,Yd3]}) 13...
Nb4 14. c3 Nc6 $1 {Black correctly decides to question White's stability in
the centre. In case of general exchange of the minor pieces on this square,the
weaknesses created by the advance of White's king side pawns might become
significant, while the g2-bishop would remain rather passive.} 15. Bf4 Bd6 16.
Qe2 (16. Re1 O-O 17. Bg3 $5 {[%cal Yh3h4]} (17. h4 $2 Nxg4) 17... Nxe5 18. Nxe5
Nd7 $11) 16... O-O (16... Bxd3 $6 17. Qxd3 Nxe5 18. Bxe5 Bxe5 19. Nxe5 Qxe5 20.
Qb5+ Kf8 21. Qxb7 Rb8 22. Qa7 g5 {[%csl Yg2][%cal Rh7h5,Rf8g7]} 23. f4 $5 gxf4
24. Rae1 Qd6 25. Qd4 $36 {[%cal Yg4g5,Yf1f4]}) 17. Nxg6 hxg6 18. Bxd6 Qxd6 {
After the exchange of the dark squared bishops, the weakness of the f4-square
is a permanent source of worry for White.} 19. d4 {[%cal Yf3e5,Yf2f4,Ya1e1]}
Ne4 $1 {Black anticipates his opponent's intentions and is the first one who
sends a knight in the centre.} 20. Ne1 Rae8 21. Nd3 (21. Bxe4 dxe4 22. Qxe4 e5
$132 {[%csl Yg1]}) 21... e5 $132 22. dxe5 Nxe5 23. Nxe5 Rxe5 24. Rae1 Rfe8 25.
Qb5 Qc7 26. f4 R5e7 27. Re3 Nf6 28. Rxe7 Rxe7 29. Bxd5 Nxd5 30. Qxd5 Re2 31.
Rf2 Qb6 32. Qd4 Qxb2 33. Rxe2 Qxe2 34. Qd8+ Kh7 35. Qh4+ Kg8 36. Qd8+ Kh7
1/2-1/2